000 01594nam a2200421 a 4500
001 000110340
003 CHAP
005 20220329144127.0
008 140819s2013 it j |r| ||||||eng d
010 _a106802
011 _a107774
020 _a9789251078495
040 _cCHAP
082 0 4 _a363.8
_bF218y
245 1 0 _aJoint FAO/WHO expert meeting on the public health risks of histamine and other biogenetic amines from Fish and Fishery Products :
_bmeeting report /
_cpor FAO.
260 _aRoma :
_bFAO,
_c2013.
300 _ax, 126 p. :
_bgráfs., tabs.
500 _aJoint FAO/WHO expert meeting on the public health risks of histamine and other biogenetic amines from Fish and Fishery Products: 23-27 July 2012, FAO Headquarters, Rome, Italy
590 _aE5995AHE
_b05
_c20140819
_lUCH01
_h1153
590 _aE5995AHE
_b05
_c20140819
_lUCH01
_h1328
590 _aE5995AHE
_b05
_c20140819
_lUCH01
_h1328
590 _aE5995AHE
_b05
_c20140819
_lUCH01
_h1329
590 _aE5995AHE
_b05
_c20140819
_lUCH01
_h1329
590 _aE5995AHE
_b05
_c20140819
_lUCH01
_h1425
590 _aE5995AHE
_b05
_c20140819
_lUCH01
_h1426
590 _aE5995AHE
_b05
_c20140819
_lUCH01
_h1427
590 _aE5995AHE
_b05
_c20140819
_lUCH01
_h1440
590 _aE5995AHE
_b05
_c20140819
_lUCH01
_h1449
650 1 4 _aPescado
_xHistamina.
_9127835
650 1 4 _aProductos pesqueros.
_992201
650 1 4 _aRiesgos.
_997403
650 1 4 _aSalud pública.
_9101813
650 1 4 _aSeguridad alimentaria.
_9103673
710 0 _aOrganización Mundial de la Salud.
_983555
901 _aBK
942 _cLIBRO
942 _n0
999 _c106802
_d106802